00499nam a2200181Ia 4500008004100000020001500041040001900056041001200075082002500087245004000112260003900152300001900191504002000210650001300230651003000243700002600273850001800299131103s9999 xx 000 0 und d a14 0420851 aLoreto College aEnglish a841/MALbLCLIB/21274 aMallarmecEdited by Anthony Hartley aHarmondsworthbPenguin Booksc1970 a240p. c 21cm. aIncludes index aMallarme aFrench poetry - criticism aHartley, Anthony; ed. aLCLIB/841/MAL